000 00870nam a22003137b 4500
001 01769534
003 DO-SdBNP
005 20180205152749.0
007 01769534
008 020412s2001 sp | ||| ||spa
016 7 _a
_2BPMSU
017 _a
_b
020 _a8447321576
035 _a(OCoLC)
040 _aBPMSU
_bspa
_cBPMSU
_e
041 1 _aspa
_h
080 0 _a
100 1 _aCrompton, Richmal
240 1 0 _aJust William
_lEspañol
245 1 0 _aTravesuras de Guillermo /
_cRichmal Crompton ; traducción de Guillermo López Hipkiss
_h
260 _aBarcelona :
_bRBA
_c2001
300 _a207 p.
_bil.
_c19 cm
490 0 _aLas aventuras de Guillermo
700 _a López Hipkiss, Guillermo
_etr.
700 _aHenry, Thomas
_eil.
942 _2ddc
_cBK
945 _aInventariado, 2018/ YL
956 _a VMATEO
_210
_320160328
_6BPMSU
_80069
999 _c9394
_d9394